• 首页
  • 本馆介绍
  • 公告通知
  • 最新文献
  • 馆藏检索
  • 电子资源
  • 读者导购
  • 参考咨询
  • 我的图书馆
  • 登录
  • 详细信息显示
  • 放入我的书架
  • 预约/预借图书
  • 作者相关作品
  • 分类相关作品
  • 丛书相关作品
  • 出版社相关作品

书目信息

  • 表格格式
  • 工作单格式
  • 卡片格式
题名:
塑料成型工艺与模具设计
    
 
作者: 屈华昌 主编
分册:  
出版信息: 北京   高等教育出版社  2001
页数: 344页
开本: 26cm
丛书名:
单 册:
中图分类: TQ320.66 , TQ320.5
科图分类:
主题词: 塑料成型--生产工艺--高等教育--教材 , 塑料模具--设计--高等教育--教材
电子资源:
ISBN: 7-04-009964-0
000 00996nam0 2200277 450
001 0100132745
005 20100824102430.0
010    @a7-04-009964-0@dCNY18.70
011    @a7-04-009964-0
100    @a20021005d2001 em y0chiy0110 ea
101 0  @achi
102    @aCN@b110000
105    @ay z 000yy
106    @ar
200 1  @a塑料成型工艺与模具设计@9Su Liao Cheng Xing Gong Yi Yu Mo;Mu Ju She Ji @f屈华昌主编@b专著
210    @a北京@c高等教育出版社@d2001
215    @a344页@d26cm
300    @a教育部高职高专规划教材(模具设计与制造系列)
330    @a本书包括:高分子聚合物结构特点与性能;塑料的组成与工艺特性;塑料成型工艺及塑料制件的结构工艺性;注射模结构与注射机;塑料制件在墨菊中的位置与浇注系统的设计等内容。
606 0  @a塑料成型@x生产工艺@x高等教育@j教材
606 0  @a塑料模具@x设计@x高等教育@j教材
690    @aTQ320.66@v4
690    @aTQ320.5@v4
701  0 @a屈华昌@9qu hua chang@4主编
801  0 @aCN@bAiZhiMarc@c20010925
905    @aBZT@dTQ320.66@e15@f1@sTQ320.66/15
    
    塑料成型工艺与模具设计/屈华昌主编.-北京:高等教育出版社,2001
    344页;26cm
    教育部高职高专规划教材(模具设计与制造系列)
    
    ISBN 7-04-009964-0:CNY18.70
    本书包括:高分子聚合物结构特点与性能;塑料的组成与工艺特性;塑料成型工艺及塑料制件的结构工艺性;注射模结构与注射机;塑料制件在墨菊中的位置与浇注系统的设计等内容。
●
相关链接 在五车中查询图书 在当当中查询图书 在豆瓣中查询图书


正题名:塑料成型工艺与模具设计     索取号:TQ320.66/15         预约/预借

序号 登录号 条形码 馆藏地/架位号 状态 备注
1 2000138323   2000138323   旧书回溯/ [索取号:TQ320.66/15] 在馆    
山东省滨州职业学院图书馆 欢迎您!
大连网信软件有限公司© 版权所有